|
|
|
|
| LEADER |
00000nab a2200000 4500 |
| 001 |
vtls011743801 |
| 003 |
SK-MaSNL |
| 005 |
20260319070822.0 |
| 008 |
180227|2018 xo w||| || ||00 0|hun |
| 015 |
|
|
|a SNBRB2018/02
|
| 040 |
|
|
|a DSZK
|b slo
|c DSZK
|e rda
|
| 041 |
|
|
|a hun
|
| 043 |
|
|
|a e-xo---
|
| 044 |
|
|
|a xo
|c SK
|
| 072 |
|
7 |
|a 784
|x Vokálna hudba
|2 konspekt
|
| 080 |
|
|
|a 784.3/.7(=511.141)
|2 2011
|
| 100 |
1 |
|
|a Horváth, Annamária
|4 aut
|9 1086445
|
| 245 |
1 |
0 |
|a "Szeressük egymást gyerekek"
|c Horváth Annamária
|
| 300 |
|
|
|b Fotografia
|
| 336 |
|
|
|a text
|b txt
|2 rdacontent
|
| 337 |
|
|
|a bez média
|b n
|2 rdamedia
|
| 338 |
|
|
|a zväzok
|b nc
|2 rdacarrier
|
| 611 |
2 |
7 |
|a Szeressük egymást gyerekek
|d (2017 :
|c Mad, Slovensko)
|2 dszk
|9 1087115
|
| 650 |
0 |
7 |
|a maďarské piesne
|2 SNKPH
|9 3452
|
| 650 |
0 |
7 |
|a hudobné podujatia
|2 dszk
|9 354698
|
| 651 |
|
7 |
|a Mad (Slovensko)
|2 SNKPH
|9 160819
|
| 773 |
0 |
|
|t Csallóköz
|g Évf. 57, sz. 51-52 (2017), o. 28
|x 1336-3638
|
| 852 |
|
|
|a DSZK
|b KIS3GCP
|
| 958 |
|
|
|a HU
|
| 999 |
|
|
|c 1787645
|d 1789575
|